00973cam a2200229 a 4500008004100000020003300041245010000074260005700174300003300231440003500264500017900299504005300478650003000531650003300561650003000594650003300624700002300657710003600680003000100716005001700717040000900734  a0841234159 (acid-free paper)00aArtificial self-assembling systems for gene delivery /cedited by Philip L. Felgner... [et al.] aWashington, DC :bAmerican Chemical Society,cc1996. avi, 200 p. :bill. ;c24 cm. aConference proceedings series. a"Developed from two conferences sponsored by Cambridge Healthtech Institute, September 28-29, 1995, in Wakefield, Massachusetts, and October 10-11, 1995, in Washington, D.C." aIncludes bibliographical references and indexes. 0aGene therapyvCongresses. 0aGenetic vectorsvCongresses.12aGene Therapyvcongresses.22aGenetic Vectorsvcongresses.1 aFelgner, Philip L.2 aCambridge Healthtech Institute.20230120203938.0 cNUST